Stanicalandania Countries Quiz Stats

Quiz Updated Jan 12, 2014

Challenge
Share
Tweet
Embed
Score 0/24 Timer 03:00
9 Plays Today
% Correct
Pakistan
91.8%
Afghanistan
89.1%
Uzbekistan
84.5%
Iceland
83.8%
Turkmenistan
83.5%
Kazakhstan
82.9%
Tajikistan
76.2%
Kyrgyzstan
76%
Ireland
69.9%
Finland
68.8%
Swaziland
63.8%
Poland
55.4%
% Correct
Tanzania
53.1%
Romania
52.7%
Switzerland
50%
Dominica
48.5%
New Zealand
47.4%
Albania
46.9%
Thailand
43.2%
Jamaica
35.4%
Costa Rica
33.7%
Mauritania
30.7%
South Africa
30.5%
Lithuania
29.1%

You're not logged in!

Compare scores with friends on all Sporcle quizzes.
Sign Up with Email
OR
Log In

You Might Also Like...

Show Comments

Extras

Top Quizzes Today


Score Distribution

Your Account Isn't Verified!

In order to create a playlist on Sporcle, you need to verify the email address you used during registration. Go to your Sporcle Settings to finish the process.